Geometrical optics (Record no. 12326)

MARC details
000 -LEADER
fixed length control field 00585nam a2200169Ia 4500
003 - CONTROL NUMBER IDENTIFIER
control field IN-BaIIA
008 - FIXED-LENGTH DATA ELEMENTS--GENERAL INFORMATION
fixed length control field 211028s9999 xx 000 0 eng d
040 ## - CATALOGING SOURCE
Transcribing agency IIA Library
080 ## - UNIVERSAL DECIMAL CLASSIFICATION NUMBER
Universal Decimal Classification number 535.31
Item number SYN
100 ## - MAIN ENTRY--PERSONAL NAME
Personal name Synge, J.L
9 (RLIN) 5185
245 #0 - TITLE STATEMENT
Title Geometrical optics
Remainder of title an introduction to Hamilton's method
Statement of responsibility, etc. J. L. Synge
260 ## - PUBLICATION, DISTRIBUTION, ETC.
Place of publication, distribution, etc. London
Name of publisher, distributor, etc. Cambridge University Press
Date of publication, distribution, etc. 1937
300 ## - PHYSICAL DESCRIPTION
Extent ix, 110p.
490 ## - SERIES STATEMENT
Series statement Cambridge Tracts in Mathematics & Mathematical physics; no.37
650 ## - SUBJECT ADDED ENTRY--TOPICAL TERM
Topical term or geographic name entry element Optics, Geometrical optics
9 (RLIN) 21555
942 ## - ADDED ENTRY ELEMENTS (KOHA)
Koha item type Books
Holdings
Withdrawn status Lost status Damaged status Not for loan Home library Current library Shelving location Date acquired Total Checkouts Full call number Barcode Date last seen Price effective from Koha item type
        IIA Library-Bangalore IIA Library-Hosakote General Stacks 31/12/1997   535.31/SYN 13242 05/11/2021 31/12/1997 Books

Powered by Koha